| 000 | 00992nam a2200337 4500 | ||
|---|---|---|---|
| 005 | 20250506133448.0 | ||
| 008 | 250506b |||||||| |||| 00| 0 spa d | ||
| 022 | _a9788449440915 | ||
| 082 | _aR 030 E56e | ||
| 245 | _a Volumen 1: Enciclopedia universal del estudiante | ||
| 260 | _aEspaña | ||
| 440 | _aEnciclopedia universal del estudiante | ||
| 520 | _aVolumen 1: Gramática española, El idioma español, Literatura española | ||
| 650 | _aFONÉTICA | ||
| 650 | _aORTOGRAFÍA | ||
| 650 | _aMORFOLOGÍA | ||
| 650 | _aLÉXICO | ||
| 650 | _aSINTASIS | ||
| 650 | _aIDIOMA ESPAÑOL | ||
| 650 | _aLITERATURA ESPAÑOLA | ||
| 650 | _aEDAD MEDIA | ||
| 650 | _aPROSA | ||
| 650 | _aTEATRO | ||
| 650 | _aRENACIMIENTO Y BARROCO | ||
| 650 | _aILUSTRACIÓN Y ROMANTICISMO | ||
| 650 | _aREALISMO | ||
| 650 | _aNOVECENTISMO | ||
| 650 | _aPOSGUERRA | ||
| 942 | _cREV | ||
| 999 |
_c13808 _d13808 |
||
| 773 | 0 |
_013807 _937930 _a _b _dEspaña _oVOL 1-8 _tEnciclopedia universal del estudiante _w _x9788449440915 _z |
|